000 00528nam a2200205Ia 4500
005 20140425133605.0
008 140130s9999 xx 000 0 und d
020 _a0590026356
050 _aPZ 7
_b.B6654Fw 1995
100 _aPaulette, Bourgeois
_930998
245 _cPaulette Bourgeois
_aFranklin wants a pet /
260 _bScholastic,
_c1995.
_aNew York :
300 _a30 p. :
_bcol. ill. ;
_c23 cm.
440 _v1
_930999
521 _aG2
526 _c390
942 _cBK
_2lcc
999 _c40196
_d40196